000 01367nam a22002417a 4500
003 GR-AtMCL
005 20251127141748.0
006 a|||||r|||||||||||
008 t20202012enka b 001 0 eng|d
020 _a9781780979021
040 _aGR-AtMCL
_beng
_dGR-AtMCL
100 _aBaxter-Wright, Emma
_910162
245 1 4 _aThe little book of Chanel /
_cEmma Baxter-Wright.
264 1 _aLondon :
_bWelbeck,
_c2020.
300 _a159 pages :
_billustrations (black and white, and colour) ;
_c19 cm
504 _aIncludes bibliographical references and index.
520 _aChronicling the life and legacy of Coco Chanel, this gorgeous book offers a fascinating account of Chanel's evolution and innovation. From her early days of millinery, through her revolutionary inventions in sportswear and jersey fashions for women, to the classics that made her name, such as the Chanel cardigan jacket, little black dress and exquisite perfumes. Detailed photographs and sketches of Chanel's designs, along with fashion photography and catwalk shots, pay tribute to one of the world's most highly regarded fashion houses and the woman behind it, making a striking gift for any lover of fashion.
600 0 _aChanel, Coco,
_d1883-1971.
_910163
650 0 _aWomen fashion designers
_zFrance.
_910164
650 0 _aFashion
_99926
942 _cBK
999 _c9965
_d9965